000 00392nam a22001217a 4500
999 _c10315
_d10315
003 OSt
008 201218b ||||| |||| 00| 0 eng d
245 _aIndian Journal of Advance Networking and Computer Engineering
250 _a2012(Apr-Jun Vol.1 No.2) 2013(Apr-Jun Vol.1 No.2)
260 _aNew Delhi
_bOcean Research Journals
650 _aMaster of Computer Applications
942 _2ddc
_cBV